Une lettre suffit pour répondre juste #23 (attention 10 lettres tuent) - Statistiques

Statistiques générales
  • Ce quiz a été pris 68 fois
  • Le résultat moyen est 3 sur 6
Statistiques - réponses
Hint Réponse % Correct
Donne une des 5 lettres du premier mot de la chanson À la faveur de l'automne de Tété ????? devant la fenêtre je guette Les âmes esseulées à la faveur de l'automne ????? devant la fenêtre, je regrette De n'y avoir songé maintenant que tu abandonnes POSTE (Posté)
100%
Donne une des 4 lettres qui complète le nom de ce personnage de Game of Thrones : _ _ _ _ Drogo
KHAL
87%
Donne une des 3 lettres sous lesquelles est connu ce comédien et journaliste (à France Inter et Quotidien notamment) prénommé Thomas
VDB
55%
Donne une des 2 lettres du parti politique qui a comme vice-présidents en 2025 Louis Aliot
David Rachline
Hélène Laporte
Edwige Diaz
Julien Sanchez
Sébastien Chenu
RN
49%
Donne la lettre qui est présente 2 fois dans le nom de la capitale de Tuvalu et 1 seul fois dans le nom de la capitale de Sierra Leone F (Funafuti et Freetown )
15%
Donne la lettre qui complète le nom du magazine hebdomadaire français de presse de télévision qui a comme mascotte un basset hound : Télé ?
Z
11%
Aucun quiz correspondant
Distribution des résultats
% des personnes avec chaque résultat
Percentile par nombre de réponses
Votre historique - résultats
Vous n’avez pas pris ce quiz